Polyfunkčný dom na Námestí Matice slovenskej v Dubnici nad Váhom

Bibliographic Details
Main Author: Antalová, Simona (Author)
Format: Article
Language:Slovak
Subjects:

MARC

LEADER 00000nab a2200000 a 4500
001 vtls008954286
003 SK-MaSNL
005 20260304145157.0
008 250505c2007 xo mr|p|||||||000 b|slo
015 |a SNBRB2007/03  |2 snkbucl 
035 |a urn:nbn:sk:snk-ab83ao 
035 |a (urnnbn)urn:nbn:sk:snk:ar-00678e 
035 |a (uuid)7efa8af1-a0ca-42f3-b905-ac1890fc04d7 
038 |a SNKBUCL 
040 |a SNKBUCL  |b slo  |c SNKBUCL  |e AACR2 
041 0 |a slo 
044 |a xo  |c SK 
080 |a 725.22:728.22  |x (437.6)  |2 2001 
080 |a 728.22  |x (437.6)  |2 2001 
100 1 |a Antalová, Simona  |4 aut  |9 1467589 
245 1 0 |a Polyfunkčný dom na Námestí Matice slovenskej v Dubnici nad Váhom  |c Simona Antalová 
300 |b Obr. 
500 |a Architekti: Marián Antal, Simona Antalová 
650 0 7 |a polyfunkčné domy  |2 snkbucl  |9 764096 
650 0 7 |a bytové domy  |2 snkbucl  |9 31781 
651 7 |a Dubnica nad Váhom (Slovensko)  |2 snkbucl  |9 58303 
773 0 |t Fórum architektúry  |g Roč. XVII, č. 2-3 (2007), s. 10-11  |x 1336-0264 
850 |a Slovenská národná knižnica 
852 |a Slovenská národná knižnica 
954 |a odborná, vedecká literatúra pôvodná (slovenská)  |2 lita 
958 |a article9 
958 |a OND 
958 |a SK 
958 |a EUIPO 
999 |c 2934721  |d 2936651